Délmagyarország. - 1934. február 8., Csütörtök
Elmentve itt :
| Dokumentumtípus: | Újság |
|---|---|
| Megjelent: |
1934-02-08
|
| Sorozat: | Délmagyarország
10 No. 30 |
| Online Access: | http://dmarchiv.bibl.u-szeged.hu/7287 |
| LEADER | 00491nas a2200145 i 4500 | ||
|---|---|---|---|
| 001 | delm7287 | ||
| 005 | 20200414153326.0 | ||
| 008 | 171214s1934 hu n o 0|| hun d | ||
| 022 | |a 0133-025X | ||
| 040 | |a SZTE Délmagyarország Archívum |b hun | ||
| 041 | |a hun | ||
| 245 | 0 | 0 | |a Délmagyarország. - 1934. február 8., Csütörtök |h [elektronikus dokumentum] |
| 260 | |c 1934-02-08 | ||
| 490 | 0 | |a Délmagyarország |v 10 No. 30 | |
| 856 | 4 | 0 | |u http://dmarchiv.bibl.u-szeged.hu/7287/1/dm_1934_030.pdf |z Dokumentum-elérés |